000 00668nam a22002172 4500
001 0000009177
005 20151217154409.0
008 080910s xx 000 0 eng d
020 _a0495006831 :
_cKES 400
040 _aKABU
_cKABU
100 1 _aAndersen, Margaret L.
_@0000160257
245 1 0 _aSociology :
_bthe essentials /
_cMargaret L. Andersen, Howard F. Taylor.
250 _a 4th ed.
260 _aBelmont, CA :
_bThomson-Higher Education,
_c2007.
300 _axxxi, 520 p.
650 0 _aSociology.
_@0000099021
700 1 _aTaylor, Howard F.
_@0000160258
908 _a080910
950 _@1
999 _c11004
_d11004